Study on farmer rice seeds and chimecal fertilizer use under intergrated food security program kampot province សិក្សាការប្រើប្រាស់ពូជស្រូវ និងជីគីមីរបស់កសិករក្រោមកម្មវិធីចំរុះដើម្បីសុវត្ថិភាពស្បៀង ខេត្តកំពត (Record no. 653)

000 -LEADER
fixed length control field 00746nam a22001577a 4500
003 - CONTROL NUMBER IDENTIFIER
control field OSt
005 - DATE AND TIME OF LATEST TRANSACTION
control field 20150917142224.0
008 - FIXED-LENGTH DATA ELEMENTS--GENERAL INFORMATION
fixed length control field 150917b xxu||||| |||| 00| 0 eng d
040 ## - CATALOGING SOURCE
Transcribing agency RUA
082 ## - DEWEY DECIMAL CLASSIFICATION NUMBER
Classification number AGR SOK 2000 B026 Or.1
100 ## - MAIN ENTRY--PERSONAL NAME
9 (RLIN) 678
Personal name SOK, CHEA.
245 ## - TITLE STATEMENT
Title Study on farmer rice seeds and chimecal fertilizer use under intergrated food security program kampot province សិក្សាការប្រើប្រាស់ពូជស្រូវ និងជីគីមីរបស់កសិករក្រោមកម្មវិធីចំរុះដើម្បីសុវត្ថិភាពស្បៀង ខេត្តកំពត
260 ## - PUBLICATION, DISTRIBUTION, ETC. (IMPRINT)
Place of publication, distribution, etc. Phnom Penh
Name of publisher, distributor, etc. RUA
Date of publication, distribution, etc. 2000
300 ## - PHYSICAL DESCRIPTION
Extent 55p.
Other physical details ill.
Dimensions 29cm.
942 ## - ADDED ENTRY ELEMENTS (KOHA)
Source of classification or shelving scheme
Koha item type AGR
Holdings
Price effective from Date last seen Permanent Location Not for loan Date acquired Date last checked out Source of classification or shelving scheme Koha item type Total Checkouts Barcode Lost status Damaged status Withdrawn status Current Location Full call number
2015-09-172023-11-24Library Block B 2015-09-172023-11-17 AGR2RUA001820   Library Block BAGR SOK 2000 B026 Or.1
មជ្ឈមណ្ឌលឯការនៃសាកលវិទ្យាល័យភូមិន្ទកសិកម្មចំការដូង

Powered by Koha